000 00493nam a2200181Ia 4500
008 100917s9999 xx 000 0 und d
082 _b9035
100 _aबुवा. वि. आ.
245 _aकशासाठी पैशासाठी
260 _b---
300 _a98
365 _b4
520 _aकथा
630 _aकशासाठी पैशासाठी
650 _aकथा
730 _aकशासाठी पैशासाठी
942 _cBOOK
999 _c614429
_d614426